|
|
|
|
| LEADER |
01253nam a2200349 a 4500 |
| 001 |
000767728 |
| 003 |
CZ BrMZK |
| 005 |
20050609130833.0 |
| 007 |
ta |
| 008 |
050322s2005 xr c gr 000 0bcze d |
| 015 |
|
|
|a cnb001498672
|
| 020 |
|
|
|a 80-239-4426-6
|q (kroužková vazba)
|
| 035 |
|
|
|a (OCoLC)85135852
|
| 040 |
|
|
|a BOA001
|b cze
|
| 043 |
|
|
|a e-xr---
|b e-xr-jm
|2 czenas
|
| 072 |
|
7 |
|a 82
|x Literatura. Literární život
|2 Konspekt
|9 11
|
| 072 |
|
7 |
|a 01
|x Bibliografie. Katalogy
|2 Konspekt
|9 12
|
| 080 |
|
|
|a 821.162.3-055.2
|2 MRF
|
| 080 |
|
|
|a (437.322)
|2 MRF
|
| 080 |
|
|
|a 012
|2 MRF
|
| 245 |
0 |
0 |
|a Marie Damborská :
|b výběrová bibliografie k 110. výročí narození /
|c [zpracoval Jaroslav Čech]
|
| 260 |
|
|
|a Břeclav :
|b Městská knihovna,
|c 2005
|
| 300 |
|
|
|a 6 s. :
|b portrét ;
|c 30 cm
|
| 500 |
|
|
|a 10 výt.
|
| 600 |
1 |
7 |
|a Damborská, Marie,
|d 1895-1990
|7 jk01021995
|2 czenas
|
| 650 |
0 |
7 |
|a české spisovatelky
|7 ph128153
|y 19.-20. stol.
|2 czenas
|
| 655 |
|
7 |
|a personální bibliografie
|7 fd133021
|2 czenas
|
| 700 |
1 |
|
|a Čech, Jaroslav,
|d 1974-
|7 mzk2005266286
|4 aut
|
| 910 |
|
|
|a BOA001
|b 4-1151.018
|
| 990 |
|
|
|a BK
|
| 991 |
|
|
|b 200506
|c NOV
|
| 996 |
6 |
|
|b 2610248251
|c 4-1151.018
|l MZK
|r Sklad / do 1 hodiny
|n 1
|p p.v.
|w 000767728
|u 000010
|a 1
|e BOA001
|j MZK50
|s P
|